Ciencia y conducta humana /

Đã lưu trong:
Chi tiết về thư mục
Tác giả chính: Skinner, Burrhus Frederic (autor)
Tác giả khác: Bayés, Ramón (introducción) (introducción)
Định dạng: Sách
Ngôn ngữ:Tiếng Tây Ban Nha
Được phát hành: Barcelona, España : Fontanella, 1977, c1977
Các nhãn: Thêm thẻ
Không có thẻ, Là người đầu tiên thẻ bản ghi này!

MARC

LEADER 00000nam^a2200000^a^4500
001 000596301
005 20250521000000.0
009 20260310133103.506
020 |a 84-244-0422-X 
037 |a Acervo Xavier Clavigero 
041 |a ESP 
091 |a FDU. 00680 
100 |a Skinner, Burrhus Frederic  |e (autor) 
240 1 1 |a [Ciencia y conducta humana] 
245 1 0 |a Ciencia y conducta humana / 
264 4 |a Barcelona, España :  |b Fontanella,  |c 1977, c1977 
300 |a 482 p. 
336 |a texto  |b txt  |2 rdacontenido 
337 |a sin mediación  |b n  |2 rdamedio 
338 |a volumen  |b nc  |2 rdasoporte 
649 |a XX 
700 |a Bayés, Ramón  |e (introducción) 
910 |a Fondo Víctor Raúl Durana Valerio S.J. 
920 |a Impresos - Libros 
930 |a Fondos Especiales 
905 |a 116 
901 |a 596301-10  |b IT2  |c ESP  |i D3659  |u 20250521 
902 |a https://opac.biblio.iteso.mx/vufind/Record/000596301